[Event "Open"]
[Site "Polanica Zdroj POL"]
[Date "2000.08.18"]
[Round "2"]
[White "Dydyshko,V"]
[Black "Novitzkij,D"]
[Result "1-0"]
[WhiteElo "2525"]
[BlackElo "2347"]

1.d4 d5 2.c4 c6 3.Nc3 Nf6 4.e3 e6 5.Nf3 Nbd7 6.Bd3 dxc4 7.Bxc4 b5 8.Bd3 Bb7
9.O-O a6 10.a4 b4 11.Nb1 c5 12.Nbd2 cxd4 13.exd4 Be7 14.Nc4 O-O 15.Bf4 Nb6
16.Na5 Bxf3 17.Qxf3 Qxd4 18.Rfd1 Qc5 19.Nc6 Nbd5 20.Rac1 Qb6 21.Be3 Qb7 22.Nxe7+ Qxe7
23.Bc5 Qd7 24.Bxf8 Kxf8 25.a5 Qa4 26.Rc5 Qb3 27.Qe2 Nd7 28.Bc4 Qxd1+ 29.Qxd1 Nxc5
30.Qd4 Rc8 31.Bxd5 exd5 32.Qxb4 Ke7 33.g3 g6 34.Qb6 d4 35.b4 Ne6 36.Qxa6 Rc3
37.Qb7+ Kd6 38.Qb8+ Ke7 39.Qe5 Ra3 40.Kg2 h5 41.Qd5 h4 42.a6 d3 43.b5 g5
44.Qf3 f5 45.Qe3  1-0

[Event "ECh-u20"]
[Site "Aviles ESP"]
[Date "2000.08.19"]
[Round "4"]
[White "Poliakov,D"]
[Black "Reinaldo Castineira,R"]
[Result "1-0"]
[WhiteElo "2262"]
[BlackElo "2416"]

1.d4 d5 2.c4 c6 3.Nf3 Nf6 4.e3 e6 5.Nc3 Nbd7 6.Bd3 dxc4 7.Bxc4 b5 8.Bd3 Bb7
9.O-O a6 10.b3 c5 11.Bb2 Bd6 12.Re1 O-O 13.Rc1 Rc8 14.Bb1 Qe7 15.e4 cxd4
16.Qxd4 Bc5 17.Qd3 Rfd8 18.Qe2 e5 19.Nd5 Nxd5 20.exd5 f6 21.Bf5 Bxd5 22.Bxh7+ Kxh7
23.Qd3+ g6 24.Qxd5 Nf8 25.Qe4 Bb4 26.Rxc8 Rxc8 27.Rd1 Bc3 28.Bxc3 Rxc3 29.h4 Kg7
30.h5 Qc7 31.Rd2 Qc6 32.Qg4 f5 33.h6+ Kg8 34.Qg5 e4 35.Ne5 Rc1+ 36.Kh2 Qc7
37.Qf6 Rc5 38.Rd6 Qh7 39.Kg3 Rc3+ 40.f3 Qxh6 41.Qf7+ Kh8 42.Nxg6+ Nxg6 43.Rd8+  1-0

[Event "III Pyramiden-Franken Cup"]
[Site "Fuerth GER"]
[Date "2000.08.19"]
[Round "1"]
[White "Ibragimov,I"]
[Black "Woerl,R"]
[Result "1-0"]
[WhiteElo "2575"]
[BlackElo "2096"]

1.d4 d5 2.c4 e6 3.Nf3 Nf6 4.Nc3 c6 5.e3 Bd6 6.Bd3 Nbd7 7.O-O O-O 8.e4 dxc4
9.Bxc4 e5 10.Bg5 Qc7 11.d5 Nb6 12.Bb3 Bg4 13.Bxf6 gxf6 14.h3 Bh5 15.dxc6 bxc6
16.g4 Qd7 17.gxh5 Qxh3 18.Nh2 Kh8 19.Qf3 Qh4 20.Ne2 Nd7 21.Ng3 Rg8 22.Kh1 Rg5
23.Rad1 Rag8 24.Rxd6 Rxg3 25.fxg3 Rxg3 26.Qe2 Nc5 27.Bc2 Ne6 28.Rxe6  1-0

[Event "5th Paks Cup GM"]
[Site "Paks HUN"]
[Date "2000.08.20"]
[Round "2"]
[White "Atanu,L"]
[Black "Lipinsky,F"]
[Result "1-0"]
[WhiteElo "2385"]
[BlackElo "2362"]

1.d4 d5 2.c4 e6 3.Nc3 c6 4.e3 Nf6 5.Nf3 Nbd7 6.Qc2 Bd6 7.b3 O-O 8.Bb2 Qe7
9.Be2 b6 10.O-O Bb7 11.e4 Nxe4 12.Nxe4 dxe4 13.Qxe4 Nf6 14.Qh4 c5 15.Rfe1 Ne4
16.Qxe7 Bxe7 17.Bd3 f5 18.Bxe4 fxe4 19.Ne5 cxd4 20.Bxd4 Rad8 21.Bc3 Bf6 22.Rad1 Bxe5
23.Bxe5 Rd3 24.Kf1 Rfd8 25.Ke2 R8d7 26.g3 Bc6 27.Rxd3 Rxd3 28.Rd1 Rxd1 29.Kxd1 b5
30.Kd2 bxc4 31.bxc4 g6 32.Kc3 Kf7 33.Kb4 Ke7 34.Bb8 a6 35.Ka5 Bb7 36.Kb6 Bc8
37.Kc7 Bd7 38.c5 Ba4 39.c6 Bb5 40.Ba7 Bc4 41.Kb8  1-0

[Event "zt 2.32"]
[Site "Guatemala City GUA"]
[Date "2000.08.21"]
[Round "7"]
[White "Romero,Ar"]
[Black "Juarez Flores,J"]
[Result "1/2-1/2"]
[WhiteElo "2150"]
[BlackElo "2251"]

1.d4 d5 2.Nf3 Nf6 3.c4 e6 4.Nc3 c6 5.e3 Nbd7 6.Bd3 dxc4 7.Bxc4 b5 8.Bd3 Bb7
9.O-O a6 10.e4 c5 11.e5 cxd4 12.Nxb5 Bxf3 13.Qxf3 Nd5 14.Nxd4 Nxe5 15.Qe4 Nxd3
16.Qxd3 Bd6 17.Nf3 h6 18.Qd4 O-O 19.Bd2 Qe7 20.Rfe1  1/2-1/2

[Event "MSO Ron Banwell mem"]
[Site "London ENG"]
[Date "2000.08.21"]
[Round "2"]
[White "Cobb,C"]
[Black "Arkell,K"]
[Result "1-0"]
[WhiteElo "2265"]
[BlackElo "2481"]

1.d4 d5 2.c4 e6 3.Nf3 Nf6 4.Nc3 c6 5.e3 Be7 6.Bd3 Nbd7 7.O-O O-O 8.e4 dxe4
9.Nxe4 b6 10.Qe2 Bb7 11.Bg5 c5 12.Nxf6+ Bxf6 13.Bxf6 Nxf6 14.dxc5 bxc5 15.Ne5 Qb6
16.Rad1 Rad8 17.Bc2 g6 18.b3 Qa5 19.Bb1 Rd4 20.Rxd4 cxd4 21.Qe1 Qc7 22.b4 Rd8
23.Bd3 Nh5 24.f4 Nf6 25.Qe2 Ba8 26.a3 h5 27.h3 Kg7 28.Rc1 h4 29.Re1 Qb7 30.Qc2 Qe7
31.Kh2 Nh5 32.Bxg6 Nxf4 33.Be4 Qg5 34.Nf3 Qg3+ 35.Kh1 d3 36.Qd2 f6 37.Bxa8 Rxa8
38.Nd4 Kf7 39.Re3 Qg6 40.Nf3 Rg8 41.Nxh4 Qg5 42.g3 Ne2 43.Qxd3 Nxg3+ 44.Rxg3 Qxg3
45.Qd7+ Kf8 46.Qd8+ Kg7 47.Qe7+ Kh8 48.Qxf6+ Kh7 49.Qf7+ Qg7 50.Qxg7+ Rxg7
51.Kh2 e5 52.Nf5 Rd7 53.c5 Rd3 54.a4 Rc3 55.Nd6 Kg6 56.Kg2 Rc2+ 57.Kf3 Kf6
58.Nb5 a6 59.Nc7 Kf5 60.Nxa6 Rc3+ 61.Ke2 Ke4 62.b5 Kd4 63.c6 e4 64.c7 e3
65.b6 Rc2+ 66.Kf3 Rf2+ 67.Kg4 Rg2+ 68.Kf3 Rf2+ 69.Kg4 Rg2+ 70.Kh5 e2 71.c8=Q e1=Q
72.Qc5+ Kd3 73.Nb4+ Kd2 74.Qd4+ Ke2 75.Qe4+ Kf1 76.Qxe1+  1-0

[Event "IV Russian Cup Final"]
[Site "Elista RUS"]
[Date "2000.08.22"]
[Round "4"]
[White "Kruppa,Y"]
[Black "Utnasunov,A"]
[Result "1/2-1/2"]
[WhiteElo "2582"]
[BlackElo "2257"]

1.d4 d5 2.c4 c6 3.Nc3 Nf6 4.e3 e6 5.Nf3 Nbd7 6.Bd3 dxc4 7.Bxc4 b5 8.Bd3 Bd6
9.Bd2 O-O 10.Rc1 Bb7 11.Ne4 Nxe4 12.Bxe4 Rc8 13.b4 Qe7 14.Qb3 e5 15.Qb1 h6
16.O-O Rfe8 17.Rfe1 Nf6 18.dxe5 Nxe4 19.Qxe4 Bxe5 20.Qxe5 Qxe5 21.Nxe5 Rxe5
22.Bc3 Rg5 23.e4 c5 24.f3 Rg6 25.bxc5 Ra6 26.Re2  1/2-1/2

[Event "IV Russian Cup Final"]
[Site "Elista RUS"]
[Date "2000.08.25"]
[Round "6"]
[White "Kosyrev,V"]
[Black "Lastin,A"]
[Result "1/2-1/2"]
[WhiteElo "2512"]
[BlackElo "2580"]

1.d4 d5 2.c4 c6 3.Nc3 Nf6 4.e3 e6 5.Nf3 Nbd7 6.Qc2 Bd6 7.b3 O-O 8.Be2 b6
9.O-O Bb7 10.e4 dxe4 11.Nxe4 Nxe4 12.Qxe4  1/2-1/2

[Event "IV Russian Cup Final"]
[Site "Elista RUS"]
[Date "2000.08.25"]
[Round "6"]
[White "Bocharov,D"]
[Black "Utnasunov,A"]
[Result "1-0"]
[WhiteElo "2438"]
[BlackElo "2257"]

1.d4 d5 2.c4 c6 3.Nf3 Nf6 4.Nc3 e6 5.e3 Nbd7 6.Bd3 dxc4 7.Bxc4 b5 8.Be2 Bb7
9.O-O Be7 10.a3 a5 11.Bd2 O-O 12.Qb3 Rb8 13.Rfc1 Bd6 14.Ng5 h6 15.Nxe6 Bxh2+
16.Kxh2 fxe6 17.Qxe6+ Kh8 18.Kg1 b4 19.axb4 axb4 20.Na4 c5 21.dxc5 Nxc5 22.Nxc5 Qxd2
23.Qc4 Qxb2 24.Rab1 Qe5 25.Nxb7 Rxb7 26.Rxb4 Rbf7 27.Bf3 Ne8 28.Qd4 Qg5 29.Rc5 Qg6
30.Bh5 Qe6 31.Bxf7 Qxf7 32.Qf4 Nf6 33.Rc7 Qg8 34.Qe5 Re8 35.Qf5 Qd5 36.Qc2 Qa5
37.Rbc4 Qe1+ 38.Kh2 Ng8 39.Rc8 Re6 40.Rf4 Re5 41.Qb3 Rh5+ 42.Kg3  1-0

[Event "ch-FRA Basse"]
[Site "Vichy FRA"]
[Date "2000.08.25"]
[Round "10"]
[White "Vallin,G"]
[Black "Anic,D"]
[Result "0-1"]
[WhiteElo "2399"]
[BlackElo "2487"]

1.d4 d5 2.c4 c6 3.Nc3 Nf6 4.e3 e6 5.Nf3 Nbd7 6.Bd3 Bd6 7.O-O O-O 8.e4 dxc4
9.Bxc4 e5 10.h3 Qe7 11.Be3 b5 12.Bd3 Bb7 13.Re1 Rfe8 14.Qc2 a6 15.Rad1 Rac8
16.a3 c5 17.dxe5 Nxe5 18.Nxe5 Bxe5 19.Nd5 Nxd5 20.exd5 g6 21.f4 Bd6 22.Qf2 Qf6
23.Bb1 Re7 24.g3 Rce8 25.Kh2 h5 26.h4 Bc8 27.b4 Bg4 28.Rc1 cxb4 29.Bd4 Rxe1
30.Rxe1 Rxe1 31.Bxf6 Re2 32.Qxe2 Bxe2 33.axb4 Bxb4 34.Be5 Bg4 35.d6 Kf8 36.Be4 Ke8
37.Bc6+ Bd7 38.Bd5 a5 39.Kg2 a4 40.Kf3 Be1 41.f5 Bxf5 42.Ke2 Bb4 43.Bc6+ Bd7
44.Bd5 Bc5 45.Kd3 f6 46.Bf4 Bf5+ 47.Kc3 Kd7 48.Bf7 a3  0-1

[Event "Penta Media GM"]
[Site "Kelamabakkam IND"]
[Date "2000.08.26"]
[Round "12"]
[White "Harikrishna,P"]
[Black "Prakash,G"]
[Result "1/2-1/2"]
[WhiteElo "2500"]
[BlackElo "2429"]

1.d4 d5 2.c4 c6 3.Nc3 Nf6 4.e3 e6 5.Nf3 Nbd7 6.Bd3 dxc4 7.Bxc4 b5 8.Be2 Bb7
9.O-O Be7 10.e4 b4 11.e5 bxc3 12.exf6 Nxf6 13.bxc3 O-O 14.Rb1 Qc7 15.Bf4 Qxf4
16.Rxb7 Bd6 17.g3 Qf5 18.Nd2 c5 19.Nc4 Qd5 20.Rb5 Be7 21.Ne5 Qxa2 22.Nc6 Rfe8
23.Bf3 Bf8 24.dxc5 Qc4 25.Nd4 Rac8 26.c6 e5 27.Qb3 Qxb3 28.Nxb3 e4 29.Be2 Rxc6
30.c4 Rc7 31.Ra1 g6 32.c5 Rec8 33.c6 Rxc6 34.Rxa7 Rc2 35.Kf1 R8c7 36.Rxc7 Rxc7
37.Na5 Rc1+ 38.Kg2 Rc2 39.Kf1 Rc1+ 40.Kg2 Rc2 41.Kf1 h5 42.Nc4 Nd7 43.Ne5 Nxe5
44.Rxe5 Rc8 45.Kg2 f5 46.Rd5 Rc2 47.Kf1 Kf7 48.Rd4 Be7 49.Rc4 Rd2 50.h3 h4
51.g4 Kf6 52.gxf5 gxf5 53.f3 Ke5 54.fxe4 fxe4 55.Bh5 Rd6 56.Ke2 Rb6 57.Be8 Rb2+
58.Kf1 Kd5 59.Bf7+ Ke5 60.Bg6 Rb1+ 61.Kg2 Rb2+ 62.Kf1 Rh2 63.Rxe4+ Kf6 64.Bf5  1/2-1/2

[Event "5th Paks Cup GM"]
[Site "Paks HUN"]
[Date "2000.08.26"]
[Round "8"]
[White "Varga,Zo"]
[Black "Lipinsky,F"]
[Result "1-0"]
[WhiteElo "2541"]
[BlackElo "2362"]

1.d4 d5 2.c4 e6 3.Nf3 c6 4.e3 Nf6 5.Nc3 Nbd7 6.Qc2 Bd6 7.Be2 O-O 8.O-O dxc4
9.Bxc4 a6 10.Rd1 b5 11.Bf1 Qc7 12.e4 e5 13.h3 Re8 14.dxe5 Nxe5 15.Nd4 Ng6
16.Bg5 Be5 17.Bxf6 gxf6 18.Rac1 Bf4 19.Rb1 Kh8 20.g3 Be5 21.Rbc1 Qb6 22.Nce2 Bb7
23.Bg2 Rad8 24.Nf5 Rxd1+ 25.Rxd1 Rd8 26.Kh2 Rxd1 27.Qxd1 Bc8 28.Qd2 Bxf5
29.exf5 Ne7 30.f4 Bb8 31.Qd7 Qc7 32.Qe8+ Kg7 33.Nd4 c5 34.Nc6 Nxc6 35.Bxc6 c4
36.Qd7 Qb6 37.h4 Ba7 38.Kh3 Qf2 39.h5 Qf1+ 40.Kg4 Qe2+ 41.Bf3 Qe3 42.h6+ Kf8
43.Qd8+ Qe8 44.Qxf6 Qd7 45.Qxa6 Bf2 46.a4 bxa4 47.Qxc4 Qd4 48.Qc7 Qb6 49.Qc8+ Ke7
50.Bc6 Kd6 51.Bxa4 Kd5  1-0

[Event "Borowski"]
[Site "Essen GER"]
[Date "2000.09.02"]
[Round "3"]
[White "Borik,O"]
[Black "Van der Wiel,J"]
[Result "0-1"]
[WhiteElo "2419"]
[BlackElo "2531"]

1.Nf3 d5 2.e3 c6 3.c4 Nf6 4.Nc3 e6 5.d4 Nbd7 6.Qc2 Bd6 7.Bd2 O-O 8.O-O-O c5
9.cxd5 exd5 10.Bd3 c4 11.Be2 Qe7 12.Rdg1 Nb6 13.h3 Bd7 14.g4 Ne4 15.Nxe4 dxe4
16.Ne5 Bxe5 17.dxe5 Qxe5 18.Bc3 Qe6 19.g5 Ba4 20.Qb1 Nd5 21.Bg4 Qe7 22.Bf5 Nxc3
23.bxc3 Rfe8 24.Rg4 Qe5 25.Bxe4 Qxc3+ 26.Bc2 Rad8 27.Qb2 Qd2+ 28.Kb1 c3 29.Qc1 Bc6
30.Rf1 Re5 31.Rd1 Rb5+ 32.Ka1 Qxc1+ 33.Rxc1 Rb2 34.Rf4 Rxc2  0-1

[Event "Borowski"]
[Site "Essen GER"]
[Date "2000.09.02"]
[Round "6"]
[White "Pelletier,Y"]
[Black "Fridman,D"]
[Result "1/2-1/2"]
[WhiteElo "2474"]
[BlackElo "2550"]

1.c4 c6 2.d4 d5 3.Nc3 e6 4.e3 Nf6 5.Nf3 Nbd7 6.Qc2 Bd6 7.Bd3 O-O 8.O-O e5
9.cxd5 cxd5 10.e4 exd4 11.Nxd5 Nxd5 12.exd5 h6 13.Nxd4 Qh4 14.Nf3 Qh5 15.Be2 Nf6
16.g3 Bh3 17.Re1 Rac8 18.Qd1 Rfe8 19.Be3 Qxd5 20.Qxd5 Nxd5 21.Bxa7 Bb4 22.Bb5 Bxe1
23.Bxe8 Bxf2+ 24.Bxf2  1/2-1/2

[Event "Borowski"]
[Site "Essen GER"]
[Date "2000.09.02"]
[Round "10"]
[White "Dautov,R"]
[Black "Pelletier,Y"]
[Result "1/2-1/2"]
[WhiteElo "2606"]
[BlackElo "2474"]

1.d4 Nf6 2.c4 e6 3.Nf3 d5 4.Nc3 c6 5.e3 Nbd7 6.Qc2 Bd6 7.b3 O-O 8.Be2 Re8
9.O-O Qe7 10.Bb2 b6 11.Bd3 Bb7 12.Rfe1 dxc4 13.bxc4 e5 14.Ne4 Nxe4 15.Bxe4 g6
16.c5 bxc5 17.dxe5 Nxe5 18.Bxe5 Bxe5 19.Nxe5 Qxe5 20.Bf3 Rab8 21.Rec1 Ba6
22.Qxc5 Rb2 23.Qxa7 Be2 24.Bxc6 Rd8 25.e4 Bc4 26.Bd5 Bxd5 27.exd5 Rxd5 28.a4 Rdd2
29.Rf1 Ra2 30.Rxa2 Rxa2 31.g3 Qe8 32.a5 Qd8 33.a6 Qc8  1/2-1/2

[Event "zt 1.1"]
[Site "Mondariz ESP"]
[Date "2000.09.05"]
[Round "3"]
[White "Arlandi,E"]
[Black "Vallejo Pons,F"]
[Result "1-0"]
[WhiteElo "2437"]
[BlackElo "2554"]

1.d4 e6 2.c4 d5 3.Nc3 c6 4.e3 Nf6 5.Nf3 Nbd7 6.Qc2 Bd6 7.Bd3 O-O 8.O-O dxc4
9.Bxc4 Qe7 10.a3 e5 11.h3 Bc7 12.Ba2 h6 13.Rd1 Kh8 14.Nh4 Nb6 15.Nf5 Bxf5
16.Qxf5 g6 17.Qc2 e4 18.f3 exf3 19.gxf3 Nh5 20.Qg2 Rad8 21.Bd2 Rfe8 22.Rac1 Ng7
23.e4 Rxd4 24.Ne2 Rxd2 25.Rxd2 Nh5 26.Rcd1 Qf6 27.Qf2 Nf4 28.Nxf4 Qxf4 29.Kf1 Re5
30.Rd3 Rh5 31.Qd2 Qh4 32.Bxf7 Rg5 33.Be6 Re5 34.Bg4 Kh7 35.Qf4 Re7 36.Qf8 Nd5
37.exd5 Bb6 38.R3d2 cxd5 39.Be6 Rg7 40.Rc1 Qg5 41.Rc8  1-0

[Event "zt 1.3"]
[Site "Reykjavic ISL"]
[Date "2000.09.05"]
[Round "1.1"]
[White "Nilssen,J"]
[Black "Gausel,E"]
[Result "0-1"]
[WhiteElo "2354"]
[BlackElo "2492"]

1.d4 d5 2.c4 c6 3.Nc3 Nf6 4.e3 e6 5.Nf3 Nbd7 6.Bd3 dxc4 7.Bxc4 b5 8.Be2 Bb7
9.e4 b4 10.e5 bxc3 11.exf6 Nxf6 12.bxc3 Bd6 13.Rb1 Qc7 14.Nd2 O-O 15.Nc4 Be7
16.O-O Nd5 17.Bd2 Rab8 18.Ne5 c5 19.Qa4 Ba8 20.Bd3 Bd6 21.Qc2 Bxe5 22.dxe5 h6
23.Rfe1 c4 24.Bh7+ Kh8 25.Be4 Rxb1 26.Qxb1 Qxe5 27.Qc1 Qf6 28.Qa3 Qe7 29.Qa6 Qc5
30.Qa4 Rd8 31.Qc2 Qd6 32.Bc1 Qe5 33.Bd2 Nb4 34.cxb4 Bxe4 35.Qc3 Qxc3 36.Bxc3 Bc6
37.Rc1 Rd3 38.f3 f6 39.Kf2 e5 40.Be1 Ra3 41.Rxc4 Rxa2+ 42.Kg1 Bb5 43.Rc5 a6
44.h4 h5 45.Bc3 Kg8 46.Be1 Kf7 47.Rc7+ Kg6 48.Re7 Rc2 49.Bf2 Rc1+ 50.Kh2 Bf1
51.Kg1 Bd3+ 52.Kh2 Rc4 53.Be1 Kh7 54.Rd7 e4 55.fxe4 Bxe4 56.Kg1 Rc1 57.Kf2 Rc2+
58.Bd2 Kg6 59.g3 Ra2 60.Ke3 Bc6 61.Rd4 Ra3+ 62.Rd3 Ra1 63.Rc3 Bb5 64.Rc1 Ra2
65.Rc5 Rb2 66.Rc7 Rb3+ 67.Kf2 Rb1 68.Rc5 Rf1+ 69.Ke3 Rh1 70.Kd4 Rg1 71.Bf4 Rd1+
72.Kc3 Rd3+ 73.Kc2 Rf3 74.Kb2 Ba4 75.Rc3 Rf2+ 76.Ka3 Be8 77.Rc5 Bf7 78.b5 a5  0-1

[Event "It"]
[Site "Herzeliya ISR"]
[Date "2000.09.06"]
[Round "1"]
[White "Bykhovsky,Av"]
[Black "Haimovich,T"]
[Result "1/2-1/2"]
[WhiteElo "2415"]
[BlackElo "2322"]

1.d4 d5 2.c4 c6 3.Nf3 Nf6 4.Nc3 e6 5.e3 Nbd7 6.Qc2 Bd6 7.b3 O-O 8.Be2 Qe7
9.O-O b6 10.a4 a5 11.Rd1 Bb7 12.Bb2 Rac8 13.Rac1 Rfd8 14.Qb1 Bb4 15.Na2 Bd6
16.Nc3 Bb4 17.Na2  1/2-1/2

[Event "zt 1.3"]
[Site "Reykjavic ISL"]
[Date "2000.09.06"]
[Round "1.2"]
[White "Agrest,E"]
[Black "Thorhallsson,T"]
[Result "1/2-1/2"]
[WhiteElo "2554"]
[BlackElo "2454"]

1.c4 e6 2.Nc3 d5 3.d4 Nf6 4.Nf3 c6 5.e3 Nbd7 6.Qc2 Bd6 7.g4 Nxg4 8.Rg1 f5
9.h3 Ngf6 10.Rxg7 Ne4 11.Bd2 Qf6 12.Rg2 Nf8 13.O-O-O Ng6 14.Bd3 Bd7 15.Rdg1 Nxd2
16.Nxd2 O-O 17.c5 Bc7 18.f4 Kh8 19.Nf3 Rg8 20.Qf2 b6 21.Na4 Raf8 22.Be2  1/2-1/2

[Event "FSIMB September"]
[Site "Budapest HUN"]
[Date "2000.09.08"]
[Round "7"]
[White "Lamprecht,M"]
[Black "Nemeth,Z"]
[Result "1/2-1/2"]
[WhiteElo "2256"]
[BlackElo "2308"]

1.c4 c6 2.Nc3 d5 3.e3 Nf6 4.Nf3 e6 5.d4 Nbd7 6.Qc2 Bd6 7.Be2 dxc4 8.Bxc4 O-O
9.O-O b5 10.Be2 Bb7 11.b3 a6 12.Bb2 c5 13.Rad1 cxd4 14.Rxd4 Bc5 15.Rh4 Rc8
16.Rd1 h6 17.Qb1 Qe7 18.b4 Bxb4 19.Nxb5 axb5 20.Bxf6 Nxf6 21.Qxb4 Qxb4 22.Rxb4 Nd5
23.Rb2 Nc3 24.Re1 Nxe2+ 25.Rbxe2 Rc5 26.Rb2 e5 27.Reb1 Bc6 28.Rd1 f6 29.h3 Ra8
30.Rd6 Bd5 31.Rb6 Ra5 32.Nd2 Rxa2 33.Rxa2 Bxa2 34.Ne4 Rc1+ 35.Kh2 Bc4 36.Rb8+ Kf7
37.Nd6+ Kg6 38.Rb7 Rc2 39.Kg1 h5 40.Nxb5 Rb2 41.Nd6 Rxb7 42.Nxb7 f5 43.f4 Kf6
44.Nc5 exf4 45.exf4 Ke7 46.Kf2 Kd6 47.Na4 Kd5 48.Nb6+ Kd4 49.Nxc4 Kxc4 50.Kg3 Kd4
51.Kh4 Ke4 52.Kxh5 Kxf4 53.Kg6 Kg3 54.Kxf5 Kxg2  1/2-1/2

[Event "It"]
[Site "Herzeliya ISR"]
[Date "2000.09.08"]
[Round "3"]
[White "Marcelin,C"]
[Black "Kaspi,A"]
[Result "1/2-1/2"]
[WhiteElo "2433"]
[BlackElo "2488"]

1.d4 d5 2.c4 e6 3.Nc3 c6 4.e3 Nf6 5.Nf3 Nbd7 6.Qc2 Be7 7.b3 b6 8.Bd3 Bb7
9.O-O Rc8 10.Qe2 O-O 11.Bb2 c5 12.Rfd1 Qc7 13.cxd5 exd5 14.Rac1 Rfe8 15.Bb5 Red8
16.Na4 Qb8 17.dxc5 bxc5 18.Ba6 Rc6 19.Bxb7 Qxb7 20.Ba3 Rdc8 21.Rc2 Bf8 22.Rdc1 h6
23.h3 Ne4 24.Nd2 Ng5 25.Nf3 Ne4 26.Nd2 Ng5 27.Nf3 Ne4 28.Nd2  1/2-1/2

[Event "ch-ARM"]
[Site "Yerevan ARM"]
[Date "2000.09.08"]
[Round "9"]
[White "Lputian,S"]
[Black "Anastasian,A"]
[Result "1/2-1/2"]
[WhiteElo "2598"]
[BlackElo "2571"]

1.d4 d5 2.c4 c6 3.Nc3 Nf6 4.e3 e6 5.Nf3 Be7 6.Bd3 Nbd7 7.O-O b6 8.e4 dxe4
9.Nxe4 Bb7 10.Nxf6+ Nxf6 11.Qe2 O-O 12.Bf4  1/2-1/2

[Event "chT-POL"]
[Site "Zakopane chT"]
[Date "2000.09.08"]
[Round "6"]
[White "Staniszewski,Pi"]
[Black "Ostrowski,L"]
[Result "1-0"]
[WhiteElo "2434"]
[BlackElo "2375"]

1.d4 Nf6 2.c4 e6 3.Nf3 d5 4.Nc3 c6 5.e3 Nbd7 6.Bd3 dxc4 7.Bxc4 b5 8.Bd3 Bb7
9.e4 b4 10.Na4 c5 11.e5 Nd5 12.O-O cxd4 13.Re1 g6 14.Bg5 Qb8 15.Bb5 h6 16.Bf6 Nxf6
17.exf6 Bd5 18.Bxd7+ Kxd7 19.Ne5+ Ke8 20.Nc3 Qb7 21.Nxd5  1-0

[Event "zt 1.1"]
[Site "Mondariz ESP"]
[Date "2000.09.10"]
[Round "7"]
[White "Lautier,J"]
[Black "Vallejo Pons,F"]
[Result "1/2-1/2"]
[WhiteElo "2648"]
[BlackElo "2554"]

1.d4 d5 2.c4 c6 3.Nc3 Nf6 4.e3 e6 5.Nf3 Nbd7 6.Bd3 dxc4 7.Bxc4 b5 8.Bd3 Bb7
9.a3 b4 10.Ne4 c5 11.Nxf6+ gxf6 12.O-O Rg8 13.axb4  1/2-1/2

[Event "zt 1.1"]
[Site "Mondariz ESP"]
[Date "2000.09.10"]
[Round "7"]
[White "Arlandi,E"]
[Black "Fressinet,L"]
[Result "1/2-1/2"]
[WhiteElo "2437"]
[BlackElo "2536"]

1.d4 d5 2.c4 e6 3.Nc3 c6 4.e3 Nf6 5.Nf3 Nbd7 6.Qc2 Bd6 7.Bd3 O-O 8.O-O dxc4
9.Bxc4 b5 10.Be2 Bb7 11.Rd1 Qb8 12.e4 e5 13.dxe5 Nxe5 14.Nd4 Ng6 15.g3 Re8
16.Bf3 b4 17.Na4 c5 18.Nxc5 Bxc5 19.Qxc5 Bxe4 20.Bxe4 Nxe4 21.Qb5 Ne5 22.Qxb8 Raxb8
23.Bf4 Rb6 24.Bxe5 Rxe5 25.Nc6 Re8 26.Nxa7 Ra8 27.Rac1 g6 28.Rc8+ Rxc8 29.Nxc8 Ra6
30.Rd4 Nc5 31.Rxb4 Rxa2 32.Nd6 Nd3 33.Rb8+ Kg7 34.Nc4 Ra4 35.Ne3 Ra1+ 36.Kg2 Rb1
37.Rd8 Nc5 38.Rd2 Nb3 39.Rc2 Nd4 40.Rc4 Nb3 41.Rb4 Rxb2 42.g4 Rb1 43.g5 Nd2
44.Rd4 Rg1+  1/2-1/2

[Event "zt 1.1"]
[Site "Mondariz ESP"]
[Date "2000.09.11"]
[Round "8"]
[White "Comas Fabrego,L"]
[Black "Fressinet,L"]
[Result "1-0"]
[WhiteElo "2516"]
[BlackElo "2536"]

1.d4 d5 2.c4 c6 3.Nf3 Nf6 4.Nc3 e6 5.e3 Nbd7 6.Bd3 dxc4 7.Bxc4 b5 8.Be2 Bb7
9.O-O a6 10.e4 c5 11.e5 Nd5 12.a4 b4 13.Ne4 h6 14.Nfd2 Be7 15.Nc4 O-O 16.Bd3 f5
17.Ned6 Bxd6 18.Nxd6 Bc6 19.Qh5 cxd4 20.Qg6 Qe7 21.Re1 Kh8 22.Bd2 Nc5 23.Bc4 a5
24.Rec1 Ne4 25.Bxd5 Bxd5 26.Bf4 Rad8 27.Rd1 Qh4 28.Bg3 Qg5 29.Nf7+ Rxf7 30.Qxf7 Bb3
31.Rd3 Bc2 32.h4 Qg4 33.Qc7 Bxd3 34.Qxd8+ Kh7 35.Qxd4 Qe2 36.Bf4 Bc2 37.f3 g5
38.fxe4 Bxe4 39.Qd2  1-0

[Event "World Seniors (Women)"]
[Site "Rowy POL"]
[Date "2000.09.11"]
[Round "1"]
[White "Krawcewicz,L"]
[Black "Sorokina,T"]
[Result "0-1"]
[WhiteElo "2026"]
[BlackElo "2209"]

1.d4 d5 2.Nf3 Nf6 3.c4 e6 4.Nc3 c6 5.e3 Nbd7 6.Qc2 Bd6 7.e4 dxe4 8.Ng5 Bb4
9.Nxe4 Nxe4 10.Qxe4 Nf6 11.Qe5 Qa5 12.Qxa5 Bxa5 13.Bd2 O-O 14.Ne4 Bxd2+ 15.Nxd2 b6
16.Be2 Bb7 17.O-O Rad8 18.Nb3 a5 19.a4 Ba6 20.Rfc1 Nd7 21.Bf3 c5 22.dxc5 Nxc5
23.Nxc5 bxc5 24.Rc3 Rd4 25.b3 Rfd8 26.g3 g6 27.Re1 Kf8 28.Re5 Rc8 29.h4 Ke7
30.Rce3 Kd6 31.h5 Rb8 32.hxg6 hxg6 33.R5e4 Bb7 34.Rxd4+ cxd4 35.Rd3 e5 36.Bd1 Kc5
37.f3 f5 38.Rd2 Rh8 39.Rh2 Rxh2 40.Kxh2 d3 41.Kg1 Kd4 42.Kf2 e4 43.fxe4 fxe4
44.Ke1 Kc3 45.Kf2 Kd2 46.Bg4 e3+ 47.Kf1 e2+  0-1

[Event "World Seniors"]
[Site "Rowy POL"]
[Date "2000.09.22"]
[Round "10"]
[White "Borchardt,A"]
[Black "Davidov,Mi"]
[Result "1/2-1/2"]
[WhiteElo "2009"]
[BlackElo "2169"]

1.Nf3 d5 2.d4 Nf6 3.c4 c6 4.e3 e6 5.Nc3 Nbd7 6.Bd3 dxc4 7.Bxc4 b5 8.Bd3 a6
9.O-O c5 10.b3 Bb7 11.Bb2 Be7 12.Qe2 O-O 13.Rfd1 Rc8 14.Rac1 Qb6 15.Bb1 Rfd8
16.h3 Bf8 17.dxc5 Nxc5 18.b4 Nce4 19.Nxe4 Rxd1+ 20.Rxd1 Bxe4 21.Bd4 Qb7 22.a3 h6
23.Ne1 Ne8 24.Bxe4 Qxe4 25.f3 Qc6 26.Bb2 Nd6 27.Kf2 Nc4 28.Bc1 g6 29.Qd3 Nb6
30.Bb2 Na4 31.Ba1 Bg7 32.Bxg7 Kxg7 33.Qd7 Nc3 34.Rd3 Qc4 35.Qd4+ Qxd4 36.Rxd4 a5
37.bxa5 Ra8 38.Rd3 Nd5 39.Rb3 Rxa5 40.Nd3 Nb6 41.Nb2 Kf6 42.Ke2 Ke5 43.Kd3 Kd6
44.e4 f5 45.Kc3 Kc6 46.Kb4 Ra7 47.Rc3+ Kd6 48.Kxb5 Nd7 49.Nc4+ Ke7 50.Na5 Kf6
51.a4 h5 52.exf5 gxf5 53.Rc6 h4 54.Nc4 Rb7+ 55.Ka5 Ne5 56.Nxe5 Kxe5 57.Rc2 Kf4
58.Ka6 Rb1 59.a5 e5 60.Ka7 e4 61.fxe4 fxe4 62.Rc4 Rb2 63.a6 Rxg2 64.Kb7 Ra2
65.a7 Kf3 66.a8=Q Rxa8 67.Kxa8 e3 68.Rc8  1/2-1/2

[Event "TCh-FIN 00-01"]
[Site "FIN"]
[Date "2000.09.24"]
[Round "2"]
[White "Franssila,T"]
[Black "Tuominen,R"]
[Result "1/2-1/2"]
[WhiteElo "2262"]
[BlackElo "2179"]

1.d4 Nf6 2.Nf3 d5 3.c4 c6 4.Nc3 e6 5.e3 Nbd7 6.Qc2 Bd6 7.g4 Nxg4 8.Rg1 Nxh2
9.Nxh2 Bxh2 10.Rxg7 Qf6 11.Rxh7  1/2-1/2

[Event "WJun"]
[Site "Yerevan ARM"]
[Date "2000.09.25"]
[Round "7"]
[White "Saric,Ib"]
[Black "Pridorozhni,A"]
[Result "0-1"]
[WhiteElo "2345"]
[BlackElo "2396"]

1.d4 d5 2.c4 c6 3.Nc3 Nf6 4.Nf3 e6 5.e3 Nbd7 6.Qc2 Bd6 7.Bd3 O-O 8.O-O dxc4
9.Bxc4 Qe7 10.h3 e5 11.Re1 Bc7 12.Bd2 h6 13.Bd3 Re8 14.dxe5 Nxe5 15.Nxe5 Qxe5
16.f4 Qc5 17.b4 Qh5 18.Ne4 Nxe4 19.Bxe4 Bb6 20.Kh2 Be6 21.Bf3 Qh4 22.Re2 Rad8
23.Be1 Qe7 24.a4 Qd6 25.a5 Bxe3 26.g3 Bd4 27.Rd1 Bg1+ 28.Kxg1 Qxd1 29.Qxd1 Rxd1
30.f5 Rd3 31.Be4 Rd6 32.Bc2 Bd7 33.Rxe8+ Bxe8 34.Bc3 f6 35.Kf2 Bf7 36.Ke3 Rd7
37.Bd4 Re7+ 38.Kd2 a6 39.Bd3 Bd5 40.Bc5 Rd7 41.Ke3 Kh7 42.h4 Bb3 43.g4 Bd1
44.g5 hxg5 45.hxg5 fxg5 46.f6+ Rxd3+ 47.Kxd3 gxf6  0-1

[Event "XVI ECC"]
[Site "Neum BIH"]
[Date "2000.09.29"]
[Round "6"]
[White "Avrukh,B"]
[Black "Morovic Fernandez,I"]
[Result "1-0"]
[WhiteElo "2625"]
[BlackElo "2608"]

1.d4 d5 2.c4 c6 3.Nc3 Nf6 4.e3 e6 5.Nf3 Nbd7 6.Bd3 dxc4 7.Bxc4 b5 8.Bd3 Bd6
9.Qc2 Bb7 10.O-O O-O 11.Rd1 Qc7 12.a3 a5 13.Ne2 c5 14.Bxb5 Bxf3 15.gxf3 Qb7
16.dxc5 Bxh2+ 17.Kxh2 Qxb5 18.Nd4 Qxc5 19.Qxc5 Nxc5 20.Bd2 e5 21.b4 Nce4
22.fxe4 exd4 23.f3 dxe3 24.Bxe3 axb4 25.axb4 Rab8 26.Bc5 Rfe8 27.Ra7 h6 28.Rd6 Re5
29.Rda6 Rc8 30.Rd6 Ne8 31.Rdd7 f5 32.Rd5 Rxd5 33.exd5 Rd8 34.Re7 Nd6 35.Bb6 Re8
36.Rd7 Nc4 37.Bc5 Ne5 38.Rc7 Rd8 39.d6 Kh7 40.Kg3 Kg6 41.Bd4  1-0

[Event "ch-HUN KO"]
[Site "Budapest HUN"]
[Date "2000.10.04"]
[Round "5.1"]
[White "Seres,L"]
[Black "Pinter,J"]
[Result "1/2-1/2"]
[WhiteElo "2444"]
[BlackElo "2556"]

1.d4 Nf6 2.c4 e6 3.Nf3 d5 4.Nc3 c6 5.e3 Nbd7 6.Qc2 Bd6 7.Be2 O-O 8.O-O Qe7
9.Rd1 Re8 10.a3 h6 11.h3 dxc4 12.Bxc4 e5 13.Nh4 Nf8 14.Nf5 Bxf5 15.Qxf5 e4
16.h4 g6 17.Qh3 h5 18.b4 N8d7 19.Bb2 Nb6 20.Bb3 Rad8 21.b5 Ng4 22.g3 Kh7
23.a4 Bb4 24.Rdc1 Nd5 25.Nxd5 cxd5 26.Rc2 Rd7 27.Rac1 Red8 28.Qf1 Ba5 29.Rc8 Bd2
30.Rxd8 Qxd8 31.Rc2 Qa5 32.Qd1 Be1 33.Ba3 Bb4 34.Bxb4 Qxb4 35.Rc5 Nf6 36.Kg2 Kg7
37.Qc2 Qe1 38.Qb2 b6 39.Rc1 Qb4 40.Qa2 Ng4 41.Bd1 Nf6 42.Qb3 Qe7 43.Rc6 Ne8
44.Qc3 Nd6 45.Be2 Ne8 46.Kg1 Nf6  1/2-1/2